000 00468nam a2200181Ia 4500
003 GCL
008 140319s9999 xx 000 0 eng d
040 _aGCL /
_cGCL
082 0 4 _a616.0194
_bC V
100 1 _aCOOPER, LAN
245 1 0 _aVIRUSES AND THE ENVIRONMENT /
_cCOOPER, LAN
260 _a[S.N] :
_bCHAPMAN AND HALL ،
_c1995
300 _a210 P
650 0 4 _aENVIRONMENTAL, GLOBAL
650 0 4 _aMEDICAL MICROBIOLOGY
650 0 4 _aVIRUSES
942 _2ddc
_cBK
999 _c13471
_d13471